Science Quiz

Random Science or Chemistry Quiz

Secret Element II Quiz Stats

 Plays Quiz Updated Dec 15, 2018

Support Sporcle.
Go Orange.
Score 0/118 Timer 01:30
2 Plays Today
% Correct
89.4%
85.8%
He 
84.4%
81.7%
Au 
81.6%
81.3%
80.1%
Ag 
77.8%
Ne 
77.4%
Fe 
76.2%
Ar 
73.9%
Sn 
71.8%
Pb 
71.6%
Li 
71.4%
Xe 
70.9%
Al 
70.7%
Cu 
70.6%
70.4%
70.1%
Na 
70%
Cl 
69.8%
69.6%
Zn 
68.5%
Mg 
68.5%
67.4%
Rn 
67.3%
Ca 
67.3%
67%
Hg 
67%
Be 
66.6%
Kr 
66.4%
As 
65.7%
Co 
65.6%
Ni 
65.6%
65.4%
Mn 
65.1%
Se 
64.9%
Br 
64.7%
64.4%
Ga 
64.3%
% Correct
Ge 
64.3%
Ba 
64.1%
Es 
64.1%
Ti 
64%
Pt 
63.8%
Ra 
63.6%
Sb 
63.4%
Pu 
63.4%
Bi 
62.8%
At 
62.8%
Cd 
62.6%
Fr 
62.4%
62.4%
Cs 
62.4%
Cr 
62.2%
Cf 
62%
Po 
61.9%
Sr 
61.9%
61.9%
In 
61.8%
Rb 
61.8%
Cm 
61.8%
Pd 
61.7%
Mo 
61.6%
Ir 
61.6%
Os 
61.6%
Zr 
61.5%
La 
61.5%
Am 
61.5%
Yb 
61.5%
Sc 
61.5%
Rf 
61.5%
Te 
61.4%
Tl 
61.3%
Ac 
61.3%
Og 
61.3%
Hf 
61.3%
Rh 
61.3%
Eu 
61.3%
Lr 
61.2%
% Correct
Th 
61.2%
Fm 
61.2%
Gd 
61.2%
Er 
61.2%
Np 
61.1%
Nb 
61.1%
Tc 
61.1%
Ce 
61.1%
Bh 
61.1%
Ts 
61.1%
Sg 
61.1%
Md 
61.1%
Ru 
61.1%
Lu 
61.1%
Re 
61.1%
Lv 
61.1%
Ta 
61.1%
Ho 
61%
Bk 
61%
No 
61%
Db 
61%
Ds 
61%
Nd 
61%
Dy 
61%
Pa 
61%
Hs 
61%
Mc 
61%
Tm 
61%
Sm 
61%
Tb 
61%
Mt 
61%
Cn 
61%
Fl 
61%
Pr 
61%
Pm 
61%
Nh 
61%
Rg 
61%
Si 
60.9%

From the Vault

Mini Nurikabe Puzzle XXV

by sproutcm

This puzzle has five little islands for you to map out.
Remove Ads.
Support Sporcle.
Get the best of Sporcle when you Go Orange. This ad-free experience offers more features, more stats, and more fun while also helping to support Sporcle. Thank you for becoming a member.

Show Comments

Extras

Top Quizzes Today


Score Distribution

Your Account Isn't Verified!

In order to create a playlist on Sporcle, you need to verify the email address you used during registration. Go to your Sporcle Settings to finish the process.

Report this User

Report this user for behavior that violates our Community Guidelines.

Details: